Le livre des mille nuits et une nuit / (Record no. 159643)
[ view plain ]
| 000 -LEADER | |
|---|---|
| campo de control de longitud fija | 00751nam a22001815i 4500 |
| 001 - NÚMERO DE CONTROL | |
| campo de control | 159643 |
| 003 - IDENTIFICADOR DE NÚMERO DE CONTROL | |
| campo de control | ES-MaACL |
| 005 - FECHA Y HORA DE LA ÚLTIMA TRANSACCIÓN | |
| campo de control | 20250826015651.0 |
| 008 - DATOS DE LONGITUD FIJA--INFORMACIÓN GENERAL | |
| campo de control de longitud fija | 040916m18991904fr |||| | fre d |
| 130 4# - ENTRADA PRINCIPAL--TÍTULO UNIFORME | |
| Título uniforme | Las mil y una noches. |
| Lenguaje de la obra | Francés. |
| 9 (RLIN) | 148181 |
| 245 13 - MENCIÓN DEL TÍTULO | |
| Título | Le livre des mille nuits et une nuit / |
| Mención de responsabilidad, etc. | traduction littérale et complète du texte arabe par J.C. Mardrus. |
| 260 ## - PUBLICACIÓN, DISTRIBUCIÓN, ETC. | |
| Lugar de publicación, distribución, etc. | Paris : |
| Nombre del editor, distribuidor, etc. | Editions de la Revue Blanche, |
| Fecha de publicación, distribución, etc. | 1899-1904 ( |
| Lugar de fabricación/manufactura | Chateauroux : |
| Fabricante | Imp. Mellottée) |
| 300 ## - DESCRIPCIÓN FÍSICA | |
| Extensión | 16 v. ; |
| Dimensiones | 23 cm. |
| 596 ## - NOTA AL PIE DE IMPRENTA | |
| NOTA AL PIE DE IMPRENTA | A partir T. XII editados por Eugène Fasquelle. |
| 700 1# - ENTRADA AGREGADA--NOMBRE PERSONAL | |
| Nombre de persona | Mardrus, Joseph Charles, |
| Fechas asociadas al nombre | 1868-1949 |
| 9 (RLIN) | 129474 |
| 852 ## - LOCALIZACIÓN | |
| Ubicación | ES-MaACL |
| Número de control de estantería | C-18592-607 |
| Nota libre | -- Enc. pie con super-libris en hierros dorados2 |
| Estatus retirado | Estado de pérdida | Estado de daño | No para préstamo | Colección | Biblioteca de origen | Biblioteca actual | Ubicación en estantería | Fecha de adquisición | Total de préstamos | Signatura topográfica completa | Código de barras | Visto por última vez | Precio de reemplazo | Tipo de ítem Koha |
|---|---|---|---|---|---|---|---|---|---|---|---|---|---|---|
| Libros del s. XIX | Biblioteca del Ateneo de Madrid | Biblioteca del Ateneo de Madrid | Mesetón | 17/01/2008 | C-18592-607 | 1167129 | 23/02/2023 | 23/02/2023 | Libro impreso antiguo |
